PRACTICAL DIABETES MELLITUS / (Record no. 794822)

MARC details
000 -LEADER
fixed length control field 00493pam a2200193 a 4500
020 ## - INTERNATIONAL STANDARD BOOK NUMBER
Terms of availability 150.00 (PB)
041 ## - LANGUAGE CODE
Language code of text/sound track or separate title eng
Language code of original NULL
082 ## - DEWEY DECIMAL CLASSIFICATION NUMBER
Classification number 616
Item number TAL
100 ## - MAIN ENTRY--PERSONAL NAME
Personal name TALWALKAR , P .
245 ## - TITLE STATEMENT
Title PRACTICAL DIABETES MELLITUS /
Statement of responsibility, etc. NULL.
Medium Textual Documents
250 ## - EDITION STATEMENT
Edition statement 1 /
Remainder of edition statement .
260 ## - PUBLICATION, DISTRIBUTION, ETC.
Place of publication, distribution, etc. NULL :
Name of publisher, distributor, etc. SHILPA PUB. ,
Date of publication, distribution, etc. 2004.
300 ## - PHYSICAL DESCRIPTION
Extent 178 :
Other physical details vi ;
Dimensions A4 .
365 ## - TRADE PRICE
Price type code 150.00
Price note 4
650 ## - SUBJECT ADDED ENTRY--TOPICAL TERM
Topical term or geographic name entry element GEN.MEDICINE
907 ## - LOCAL DATA ELEMENT G, LDG (RLIN)
a 1379
-- 1380
-- 1381
-- 1382
930 ## - EQUIVALENCE OR CROSS-REFERENCE-UNIFORM TITLE HEADING [LOCAL, CANADA]
Uniform title 286
Holdings
Withdrawn status Lost status Damaged status Not for loan Home library Current library Date acquired Source of acquisition Cost, normal purchase price Total Checkouts Full call number Barcode Date due Date last seen Date last checked out Copy number Price effective from Koha item type
        Medical College & Hospital, Sangli Medical College & Hospital, Sangli 28/11/2011 150.00 2 616 TAL MCS-1382 16/03/2026 16/03/2026 16/03/2026 5 26/07/2023 Book
        Medical College & Hospital, Sangli Medical College & Hospital, Sangli 28/11/2011 150.00 1 616 TAL MCS-1381 01/10/2043 06/10/2023 06/10/2023 4 26/07/2023 Book
        Medical College & Hospital, Sangli Medical College & Hospital, Sangli 28/11/2011 150.00 1 616 TAL MCS-1380 01/10/2043 06/10/2023 06/10/2023 3 26/07/2023 Book
        Medical College & Hospital, Sangli Medical College & Hospital, Sangli 28/11/2011 150.00 1 616 TAL MCS-1379 01/10/2043 06/10/2023 06/10/2023 2 26/07/2023 Book
        Medical College & Hospital, Sangli Medical College & Hospital, Sangli 28/11/2011 150.00   616 TAL MCS-1378   26/07/2023   1 26/07/2023 Book